| 000 | 00744nam a22002057a 4500 | ||
|---|---|---|---|
| 999 |
_c12065 _d12065 |
||
| 003 | AR-CdUCM | ||
| 008 | 190405b ||||| |||| 00| 0 spa d | ||
| 040 |
_aMUNICIPALIDAD PROVINCIAL DEL CUSCO _cBIBLIOTECA MUNICIPAL DEL CUSCO |
||
| 082 |
_aEP / 372.036 / _bB85 |
||
| 110 |
_aAsociación Editorial Bruño _926974 |
||
| 245 |
_aBruño 3 : _bLibro de Consulta / |
||
| 260 |
_aLima : _bBruño. |
||
| 300 |
_a383 páginas ; _bIlustraciones _c24cm |
||
| 505 | _aContenido:Estimaciones y mediaciones -- El hombre -- Los animales -- La energía -- Cambios físicos y químicos... | ||
| 650 |
_aCiencias naturales _910176 |
||
| 650 |
_aGeografía _9318 |
||
| 650 |
_aEducación primaria _91561 |
||
| 942 |
_2ddc _cLIBROS |
||
| 945 |
_anom _d2019-04-05 |
||